|
|
|
|
| LEADER |
03069nam a2200421 a 4500 |
| 001 |
14554239 |
| 003 |
BD-DhAAL |
| 005 |
20250112115436.0 |
| 008 |
110227s2007 njua 001 0 eng d |
| 010 |
|
|
|a 2006934844
|
| 020 |
|
|
|a 9780470089859 (pbk.)
|
| 020 |
|
|
|a 0470089857 (pbk.)
|
| 040 |
|
|
|a JTB
|c JTB
|d JTB
|d EZU
|d YDXCP
|d VP@
|d LF8
|d BAKER
|d BTCTA
|d MUQ
|d UAU
|d NLGGC
|d DLC
|d BD-DhAAL
|
| 082 |
0 |
0 |
|a 572.80285
|2 22
|
| 100 |
1 |
|
|a Claverie, Jean-Michel.
|9 57417
|
| 245 |
1 |
0 |
|a Bioinformatics for dummies /
|c by Jean-Michel Claverie and Cedric Notredame.
|
| 250 |
|
|
|a Second edition.
|
| 260 |
|
|
|a Hoboken, N.J. :
|b Wiley Pub.,
|c c2007.
|
| 300 |
|
|
|a xviii, 436 pages :
|b illustrations ;
|c 24 cm.
|
| 490 |
0 |
|
|a ... for dummies
|
| 500 |
|
|
|a Previous ed.: 2003.
|
| 500 |
|
|
|a Includes index.
|
| 526 |
|
|
|x Dr. Munims Haque
Associate Professor
MNS
Course name and no.: Bioinformatics & General (BTE 401)
|
| 541 |
1 |
|
|a Hye trade International
|e 00021963, 43942, 43943, 43944, 43945, 43946
|
| 650 |
|
0 |
|a Bioinformatics.
|
| 650 |
1 |
2 |
|a Computational Biology.
|
| 650 |
|
6 |
|a Bio-informatique.
|9 57418
|
| 650 |
1 |
7 |
|a Bio-informatica.
|9 57419
|
| 700 |
1 |
|
|a Notredame, Cedric.
|9 57420
|
| 852 |
4 |
|
|a Ayesha Abed Library
|j General shelf
|
| 942 |
|
|
|2 ddc
|c BK
|
| 999 |
|
|
|c 10486
|d 10486
|
| 952 |
|
|
|0 0
|1 0
|2 ddc
|4 0
|6 572_802850000000000_CLA
|7 0
|9 14475
|a BRACUL
|b BRACUL
|c GEN
|d 2011-02-27
|e Karim International
|g 2100.00
|l 27
|m 259
|o 572.80285 CLA
|p 3010021963
|r 2026-03-02
|s 2025-09-22
|t 1
|w 2011-02-27
|y BK
|
| 952 |
|
|
|0 0
|1 0
|2 ddc
|4 0
|6 572_802850000000000_CLA
|7 0
|9 77152
|a BRACUL
|b BRACUL
|c GEN
|d 2025-01-06
|e Hye Trade International
|g 3149.00
|l 4
|m 36
|o 572.80285 CLA
|p 3010043946
|q 2026-06-02
|r 2025-10-19
|s 2025-10-19
|t 6
|v 3149.00
|w 2025-01-06
|y BK
|x Requisitioned by Dr. Munims Haque for the course named- "Bioinformatics & General (BTE 401)‘’
|
| 952 |
|
|
|0 0
|1 0
|2 ddc
|4 0
|6 572_802850000000000_CLA
|7 0
|9 77153
|a BRACUL
|b BRACUL
|c GEN
|d 2025-01-06
|e Hye Trade International
|g 3149.00
|l 6
|m 36
|o 572.80285 CLA
|p 3010043944
|q 2026-06-02
|r 2026-04-03
|s 2026-04-03
|t 4
|v 3149.00
|w 2025-01-06
|y BK
|x Requisitioned by Dr. Munims Haque for the course named- "Bioinformatics & General (BTE 401)‘’
|
| 952 |
|
|
|0 0
|1 0
|2 ddc
|4 0
|6 572_802850000000000_CLA
|7 0
|9 77154
|a BRACUL
|b BRACUL
|c GEN
|d 2025-01-06
|e Hye Trade International
|g 3149.00
|l 5
|m 32
|o 572.80285 CLA
|p 3010043943
|r 2026-05-21
|s 2026-04-19
|t 3
|v 3149.00
|w 2025-01-06
|y BK
|x Requisitioned by Dr. Munims Haque for the course named- "Bioinformatics & General (BTE 401)‘’
|
| 952 |
|
|
|0 0
|1 0
|2 ddc
|4 0
|6 572_802850000000000_CLA
|7 0
|9 77155
|a BRACUL
|b BRACUL
|c GEN
|d 2025-01-06
|e Hye Trade International
|g 3149.00
|l 4
|m 40
|o 572.80285 CLA
|p 3010043945
|r 2026-02-17
|s 2025-11-03
|t 5
|v 3149.00
|w 2025-01-06
|y BK
|x Requisitioned by Dr. Munims Haque for the course named- "Bioinformatics & General (BTE 401)‘’
|
| 952 |
|
|
|0 0
|1 0
|2 ddc
|4 0
|6 572_802850000000000_CLA
|7 0
|9 77156
|a BRACUL
|b BRACUL
|c GEN
|d 2025-01-06
|e Hye Trade International
|g 3149.00
|l 5
|m 59
|o 572.80285 CLA
|p 3010043942
|r 2026-05-16
|s 2026-02-17
|t 2
|v 3149.00
|w 2025-01-06
|y BK
|x Requisitioned by Dr. Munims Haque for the course named- "Bioinformatics & General (BTE 401)‘’
|